[Event "SVK-Cup12 fin corr"]
[Site "Slovakia"]
[Date "2003.??.??"]
[Round "?"]
[White "Filipek, Jozef"]
[Black "Hires, Gabriel"]
[Result "1-0"]
[WhiteElo "2288"]
[BlackElo "2194"]
[PlyCount "69"]
[EventDate "2002.??.??"]
[EventType "tourn (corr)"]
[EventRounds "14"]
[EventCountry "SVK"]
[SourceTitle "Corr 2004"]
[Source "ChessBase"]
[SourceDate "2003.04.28"]
[SourceVersion "3"]
[SourceVersionDate "2003.04.28"]
[SourceQuality "1"]

1. e4 c6 2. d4 d5 3. Nc3 dxe4 4. Nxe4 Nd7 5. Bc4 Ngf6 6. Ng5 e6 7. Qe2 Nb6 8. Bd3 h6 9. N5f3 c5 10. dxc5 Bxc5 11. Ne5 Nbd7 12. Ngf3 Qc7 13. 0-0 0-0 14. Bf4 Bd6 15. Rfe1 Nxe5 16. Bxe5 Bxe5 17. Qxe5 Qxe5 18. Nxe5 b6 19. a4 Bb7 20. a5 bxa5 21. Rxa5 a6 22. Rea1 Rfd8 23. f3 Rd5 24. c4 Rd4 25. Kf2 Rad8 26. Ke3 Rh4 27. h3 g6 28. Be2 Ne8 29. b4 Kf8 30. b5 axb5 31. Ra7 Nd6 32. c5 Rh5 33. f4 Rxe5+ 34. fxe5 Nf5+ 35. Kf2 1-0

[Event "SVK-Cup12 fin corr"]
[Site "Slovakia"]
[Date "2002.??.??"]
[Round "?"]
[White "Csjernyik, Jan"]
[Black "Hires, Gabriel"]
[Result "1-0"]
[WhiteElo "2307"]
[BlackElo "2194"]
[PlyCount "57"]
[EventDate "2002.??.??"]
[EventType "tourn (corr)"]
[EventRounds "14"]
[EventCountry "SVK"]
[SourceTitle "Corr 2004"]
[Source "ChessBase"]
[SourceDate "2003.04.28"]
[SourceVersion "3"]
[SourceVersionDate "2003.04.28"]
[SourceQuality "1"]

1. e4 c6 2. d4 d5 3. Nc3 dxe4 4. Nxe4 Nd7 5. Ng5 Ngf6 6. Bd3 e6 7. N1f3 Bd6 8. Qe2 h6 9. Ne4 Nxe4 10. Qxe4 Nf6 11. Qe2 0-0 12. Bd2 b6 13. Ne5 Bb7 14. 0-0-0 c5 15. dxc5 Bxc5 16. Kb1 Qc7 17. Rhe1 Rfd8 18. g4 Rac8 19. f4 Bd6 20. Rf1 a5 21. g5 hxg5 22. Nxf7 Kxf7 23. fxg5 Be5 24. gxf6 gxf6 25. Qh5+ Ke7 26. Rg1 Kd6 27. Bf4 Kc5 28. Be3+ Kd6 29. Rg6 1-0

[Event "SVK-Cup12 sf1 corr"]
[Site "Slovakia"]
[Date "2000.??.??"]
[Round "?"]
[White "Hires, Gabriel"]
[Black "Zalcik, Vaclav"]
[Result "1-0"]
[WhiteElo "2006"]
[BlackElo "2111"]
[PlyCount "65"]
[EventDate "2000.07.01"]
[EventType "tourn (corr)"]
[EventRounds "12"]
[EventCountry "SVK"]
[SourceTitle "Corr 2002"]
[Source "ChessBase"]
[SourceDate "2002.05.23"]
[SourceVersion "1"]
[SourceVersionDate "2002.05.23"]
[SourceQuality "1"]

1. e4 e5 2. Nf3 Nc6 3. Bc4 Nf6 4. Ng5 d5 5. exd5 Na5 6. Bb5+ c6 7. dxc6 bxc6 8. Be2 h6 9. Nf3 e4 10. Ne5 Bd6 11. d4 exd3 12. Nxd3 Qc7 13. b3 Bxh2 14. g3 Bxg3 15. fxg3 Qxg3+ 16. Nf2 Qe5 17. c3 Ba6 18. Rh3 Bxe2 19. Qxe2 Qxe2+ 20. Kxe2 0-0-0 21. c4 a6 22. Be3 Nb7 23. Nc3 Nd6 24. Rf3 Nd7 25. c5 Ne5 26. cxd6 Nxf3 27. Kxf3 Rxd6 28. Nfe4 Rdd8 29. Na4 f5 30. Nec5 g5 31. Nb6+ Kb8 32. Nc4 f4 33. Nxa6+ 1-0

[Event "SVK-Cup12 sf1 corr"]
[Site "Slovakia"]
[Date "2000.??.??"]
[Round "?"]
[White "Kuchyna, Stanislav"]
[Black "Hires, Gabriel"]
[Result "1/2-1/2"]
[WhiteElo "2187"]
[BlackElo "2006"]
[PlyCount "59"]
[EventDate "2000.07.01"]
[EventType "tourn (corr)"]
[EventRounds "12"]
[EventCountry "SVK"]
[SourceTitle "Corr 2002"]
[Source "ChessBase"]
[SourceDate "2002.05.23"]
[SourceVersion "1"]
[SourceVersionDate "2002.05.23"]
[SourceQuality "1"]

1. e4 c6 2. d4 d5 3. Nc3 dxe4 4. Nxe4 Nd7 5. Nf3 Ngf6 6. Ng3 e6 7. Bd3 c5 8. 0-0 cxd4 9. Nxd4 Bc5 10. Nb3 Bb6 11. Qe2 0-0 12. Bd2 a5 13. a4 Qc7 14. Rfe1 Re8 15. Ne4 e5 16. Rac1 Nxe4 17. Qxe4 Nf6 18. Qh4 e4 19. Bxe4 Nxe4 20. Rxe4 Bf5 21. Rc4 Qd7 22. Qh5 Rad8 23. Rf4 Bg6 24. Qf3 Qe6 25. g3 Bc7 26. Rd4 Rxd4 27. Nxd4 Qd7 28. Bc3 Bb6 29. Nb5 Be4 30. Qh5 1/2-1/2

[Event "SVK-Cup12 sf1 corr"]
[Site "Slovakia"]
[Date "2000.??.??"]
[Round "?"]
[White "Magula, Rene"]
[Black "Hires, Gabriel"]
[Result "1/2-1/2"]
[WhiteElo "1983"]
[BlackElo "2006"]
[PlyCount "83"]
[EventDate "2000.07.01"]
[EventType "tourn (corr)"]
[EventRounds "12"]
[EventCountry "SVK"]
[SourceTitle "Corr 2002"]
[Source "ChessBase"]
[SourceDate "2002.05.23"]
[SourceVersion "1"]
[SourceVersionDate "2002.05.23"]
[SourceQuality "1"]

1. e4 c6 2. d4 d5 3. e5 Bf5 4. Bd3 Bxd3 5. Qxd3 e6 6. Ne2 c5 7. c3 Nc6 8. 0-0 Nge7 9. Nd2 Ng6 10. f4 Be7 11. f5 exf5 12. Qxf5 0-0 13. Nf3 Qb6 14. Kh1 Rae8 15. b3 cxd4 16. cxd4 Qa6 17. Ng3 Bb4 18. Be3 Rc8 19. Ng5 Nce7 20. Qf2 f6 21. exf6 Rxf6 22. Nf3 Nf5 23. Nxf5 Rxf5 24. Rfd1 Re8 25. Rac1 Rf7 26. Rc2 Rfe7 27. Bd2 Re2 28. Qf1 Nf4 29. Rdc1 Bxd2 30. Rxd2 Rxd2 31. Nxd2 Qxf1+ 32. Nxf1 Re2 33. Rc8+ Kf7 34. Rc7+ Kf6 35. g3 Ne6 36. Rxb7 Rxa2 37. Ne3 Nxd4 38. Nxd5+ Kg6 39. Nb4 Ra1+ 40. Kg2 h5 41. h4 Nxb3 42. Nc6 1/2-1/2

[Event "SVK-Cup12 sf1 corr"]
[Site "Slovakia"]
[Date "2000.??.??"]
[Round "?"]
[White "Nalepovic, Jozef"]
[Black "Hires, Gabriel"]
[Result "0-1"]
[WhiteElo "2049"]
[BlackElo "2006"]
[PlyCount "56"]
[EventDate "2000.07.01"]
[EventType "tourn (corr)"]
[EventRounds "12"]
[EventCountry "SVK"]
[SourceTitle "Corr 2002"]
[Source "ChessBase"]
[SourceDate "2002.05.23"]
[SourceVersion "1"]
[SourceVersionDate "2002.05.23"]
[SourceQuality "1"]

1. c4 Nf6 2. Nc3 e5 3. Nf3 Nc6 4. g3 Bb4 5. Nd5 e4 6. Nh4 0-0 7. Bg2 Bc5 8. 0-0 d6 9. d3 exd3 10. Qxd3 Ne5 11. Qc3 c6 12. Ne3 Re8 13. Nhf5 Qb6 14. Qc2 g6 15. Nh4 Be6 16. b3 d5 17. Nf3 Nxf3+ 18. Bxf3 d4 19. Ng2 Bf5 20. Qd1 Ne4 21. Nh4 Nc3 22. Qd2 Be4 23. e3 Rad8 24. Bxe4 Nxe4 25. Qe2 Bf8 26. Qf3 Bg7 27. Rb1 d3 28. Kh1 Qa5 0-1